Statistics for Subnational divisions/states/provinces of countries

Click here to take the quiz!

General Stats

  • This quiz has been taken 298 times
  • The average score is 24 of 40

Answer Stats

HintAnswer% Correct
Andhra PradeshIndia
93%
Rhode IslandUSA
92%
TasmaniaAustralia
90%
Tianjin ShiChina
90%
Rio Grande do NorteBrazil
88%
NunavutCanada
88%
SaxonyGermany
88%
Buryat RepublicRussia
85%
Principality of AsturiasSpain
82%
AquitaineFrance
81%
JaliscoMexico
81%
CampaniaItaly
76%
Nakhchivan Autonomous RepublicAzerbaijan
74%
SkaneSweden
72%
FinmarkNorway
70%
Rio NegroArgentina
68%
ZanzibarTanzania
67%
Khyber PakhtunkhwaPakistan
66%
Free StateSouth Africa
65%
Estado de BolivarVenezuela
65%
SchwyzSwitzerland
63%
East AzerbaijanIran
62%
Noord BrabantNetherlands
61%
BrabantBelgium
57%
BengkuluIndonesia
56%
AntioquiaColombia
54%
GifuJapan
54%
Davao del NortePhilippines
47%
Negeri SembilanMalaysia
46%
Autonomous Province of VojvodinaSerbia
44%
GrampianUnited Kingdom
33%
DariénPanama
32%
Cross River StateNigeria
30%
Shan StateMyanmar
28%
NevisSt Kitts and Nevis
24%
Yap StateMicronesia
23%
OromiaEthiopia
21%
North SolomonsPapua New Guinea
21%
Gaza ProvinceMozambique
16%
Republic of KarakalpakstanUzbekistan
14%

Score Distribution

Percentile by Number Answered

Percent of People with Each Score

Your Score History

You have not taken this quiz